| 000 | 00545nam a22002177a 4500 | ||
|---|---|---|---|
| 001 | sjds | ||
| 003 | sjds | ||
| 005 | 20251118021729.0 | ||
| 008 | 251118b |||||||| |||| 00| 0 eng d | ||
| 020 | _a9781737293606 | ||
| 040 | _csjds | ||
| 041 | _aeng | ||
| 100 | _aEmerson, K. | ||
| 245 |
_aZorah : _bthe adversaries / _cK Emerson; edited by Laura M. Morales |
||
| 260 |
_aDenver, CO.: _bForastero Press, _c2020. |
||
| 300 | _a328 pg. | ||
| 440 | _aZorah series | ||
| 650 | _vScience fiction | ||
| 700 | _aMorales, Laura M. | ||
| 942 | _cBK | ||
| 999 |
_c31159 _d31157 |
||